By His Highness the Lord Protectors Council for the affairs of Ireland : Whereas it hath been by many years experience found that Jesuits, seminary priests, and persons in Popish orders in Ireland, do hold it their dutie, and make it their work to seduce the people of this nation from their due obedience to the authority and government established.

Bibliographic Details
Format: eBook
Language:English
Published: Imprinted at Dublin : By VVilliam Bladen, anno Domini MDCLVI. [1656]
Series:Early English books online.
Subjects:
Online Access:Connect to the full text of this electronic book

MARC

Tag First Indicator Second Indicator Subfields
LEADER 00000nam a2200000Ia 4500
001 in00004339663
005 20200812094649.0
006 m g d
007 cr bn |||a|bb|
008 101209s1656 ie o 000 0 eng d
040 |a UMI  |c UMI  |e dcrb 
035 |a (OCoLC)690988889 
037 |a CL0037000134  |b ProQuest, 789 E. Eisenhower Parkway, Ann Arbor, MI 48108-3218 
043 |a e-ie--- 
090 |a DA944.4  |b .B9 1656 
049 |a UMIA 
245 0 0 |a By His Highness the Lord Protectors Council for the affairs of Ireland :  |b Whereas it hath been by many years experience found that Jesuits, seminary priests, and persons in Popish orders in Ireland, do hold it their dutie, and make it their work to seduce the people of this nation from their due obedience to the authority and government established. 
246 3 0 |a Whereas it hath been by many years experience found that Jesuits, seminary priests, and persons in Popish orders in Ireland, do hold it their dutie, and make it their work to seduce the people of this nation from their due obedience to the authority and government established 
260 |a Imprinted at Dublin :  |b By VVilliam Bladen,  |c anno Domini MDCLVI. [1656] 
300 |a 1 online resource (1 sheet ([2] pages) 
336 |a text  |b txt  |2 rdacontent 
337 |a computer  |b c  |2 rdamedia 
338 |a online resource  |b cr  |2 rdacarrier 
500 |a Title from caption and first lines of text. 
500 |a Imprint taken from colophon. 
500 |a "Date at Dublin Castle the fourteenth day of April 1656 ... Ordered, that this declaration be forthwith printed and published. Thomas Herbert clerk of the Council." 
500 |a Royal coat of arms at top. 
500 |a Reproduction of original in: British Library. 
510 4 |a Wing (2nd edition)  |c I838 
533 |a Electronic reproduction.  |b Ann Arbor, Mich. :  |c UMI,  |d 1999-  |f (Early English books online)  |n Digital version of: (Early English Books, 1641-1700 ; 2980:12)  |7 s1999 miun s 
651 0 |a Ireland  |x History  |y 1649-1660  |v Early works to 1800. 
651 0 |a Ireland  |x Politics and government  |y 17th century  |v Early works to 1800. 
650 0 |a Catholics  |x Legal status, laws, etc.  |z Ireland  |v Early works to 1800. 
655 7 |a Broadsides  |z Ireland  |y 17th century.  |2 rbgenr 
830 0 |a Early English books online. 
856 4 0 |u http://proxy.library.tamu.edu/login?url=https://search.proquest.com/docview/2240869749  |z Connect to the full text of this electronic book  |t 0 
994 |a 02  |b UMI 
999 f f |s c174687f-064e-398e-b7ce-1f1a9df2bd43  |i 18c014c3-e50f-3514-a272-4b0d92ee0498  |t 0 
952 f f |a Texas A&M University  |b College Station  |c Electronic Resources  |d Available Online  |t 0  |e DA944.4 .B9 1656  |h Library of Congress classification 
998 f f |a DA944.4 .B9 1656  |t 0  |l Available Online